Best Selling Books - Statistics

General Stats
  • This quiz has been taken 30 times
  • The average score is 5 of 10
Answer Stats
Hint Answer % Correct
Harry Potter and the Philosopher's Stone J. K. Rowling
75%
J. R. R. Tolkien The Hobbit
75%
J. D. Salinger The Catcher in the Rye
71%
Antoine de Saint-Exupéry The Little Prince
61%
Charles Dickens A Tale of Two Cities
54%
Dan Brown The Da Vinci Code
46%
Paulo Coelho The Alchemist
43%
Agatha Christie And Then There Were None
29%
Cao Xueqin Dream of the Red Chamber
4%
H. Rider Haggard She: A History of Adventure
0%
No matching quizzes found
Score Distribution
Percent of People with Each Score
Percentile by Number Answered
Your Score History
You have not taken this quiz